00856nam a22001697a 4500003000900000008004100009040007100050082002200121100002500143245006000168260007800228300002600306505029400332650002600626650001600652650001800668AR-CdUCM190305b ||||| |||| 00| 0 spa d aMUNICIPALIDAD PROVINCIAL DEL CUSCOcBIBLIOTECA MUNICIPAL DEL CUSCO a331.880985 /bC13 aCabieses Cubas, Hugo aComunidad laboral y capitalismo :bAlcances y limites / aLima : bDESCO, Centro de Estudios y Promoción del Desarrollo, c1976.  a159 paginas ;c21 cm. aContenido :Comunidad laboral y explotación capitalista -- Estructura productiva sectorial: la base económica sobre la que se instalan las comunidades laborales -- La legislación sobre comunidades laborales: diferencias --Quienes y como se benefician con las comunidades laborales ... aComunidades laborales aCapitalismo aLegislación